00387 2200157 4500001002100000005001500021035002000036245004000056100001800096250000600114300001600120260004500136082001200181084001800193020001800211INLIS00000000000002420260406014337 a0010-04260000241 aAku Cinta Alqur'an /cLeguty Family0 aLeguty Family a1 a220 :bIlus aTangerang Selatan :bLeguty Media,c2021 a297.122 a297.122 LEG a a9786239608286